<?xml version="1.0" encoding="UTF-8"?>
<record
    xmlns:xsi="http://www.w3.org/2001/XMLSchema-instance"
    xsi:schemaLocation="http://www.loc.gov/MARC21/slim http://www.loc.gov/standards/marcxml/schema/MARC21slim.xsd"
    xmlns="http://www.loc.gov/MARC21/slim">

  <leader>03153nam a22004337a 4500</leader>
  <controlfield tag="008">081212t        xxu||||| |||| 00| 0beng d</controlfield>
  <datafield tag="010" ind1=" " ind2=" ">
    <subfield code="a">ENG-97889  B-427525-537</subfield>
  </datafield>
  <datafield tag="020" ind1=" " ind2=" ">
    <subfield code="c">390.00</subfield>
    <subfield code="a">9788184888898</subfield>
  </datafield>
  <datafield tag="035" ind1=" " ind2=" ">
    <subfield code="a">EN-81422  B-427525-537</subfield>
  </datafield>
  <datafield tag="037" ind1=" " ind2=" ">
    <subfield code="b">DBAD / PUB</subfield>
  </datafield>
  <datafield tag="037" ind1=" " ind2=" ">
    <subfield code="b">Blueberry/Ven</subfield>
  </datafield>
  <datafield tag="040" ind1=" " ind2=" ">
    <subfield code="a">dpl</subfield>
    <subfield code="b">English </subfield>
  </datafield>
  <datafield tag="082" ind1=" " ind2=" ">
    <subfield code="a">339</subfield>
  </datafield>
  <datafield tag="100" ind1=" " ind2=" ">
    <subfield code="a">Chakraborty, Suman Kalyan</subfield>
    <subfield code="9">3724</subfield>
  </datafield>
  <datafield tag="245" ind1=" " ind2=" ">
    <subfield code="a">Macroeconomics /</subfield>
    <subfield code="c">by Suman Kalyan Chakraborty</subfield>
  </datafield>
  <datafield tag="260" ind1=" " ind2=" ">
    <subfield code="a">Mumbai</subfield>
    <subfield code="b">Himalaya Publishing House</subfield>
    <subfield code="c">2010</subfield>
  </datafield>
  <datafield tag="270" ind1=" " ind2=" ">
    <subfield code="a">"Ramdiit", Dr. Bhale Marg, Girgaon,rao</subfield>
    <subfield code="b">Mumbai</subfield>
    <subfield code="e">400004</subfield>
  </datafield>
  <datafield tag="300" ind1=" " ind2=" ">
    <subfield code="a">494p. </subfield>
    <subfield code="c">28cm (pbk) </subfield>
  </datafield>
  <datafield tag="500" ind1=" " ind2=" ">
    <subfield code="a">Includes index </subfield>
  </datafield>
  <datafield tag="600" ind1=" " ind2=" ">
    <subfield code="a">Baba Visakha Singh</subfield>
    <subfield code="x">Biography.</subfield>
    <subfield code="9">3725</subfield>
  </datafield>
  <datafield tag="650" ind1=" " ind2=" ">
    <subfield code="a">Macro economics</subfield>
    <subfield code="9">4844</subfield>
  </datafield>
  <datafield tag="650" ind1=" " ind2=" ">
    <subfield code="a">Economic</subfield>
    <subfield code="9">4845</subfield>
  </datafield>
  <datafield tag="942" ind1=" " ind2=" ">
    <subfield code="2">ddc</subfield>
    <subfield code="c">EN</subfield>
    <subfield code="m">CHA</subfield>
    <subfield code="h">339</subfield>
  </datafield>
  <datafield tag="999" ind1=" " ind2=" ">
    <subfield code="c">38882</subfield>
    <subfield code="d">38882</subfield>
  </datafield>
  <datafield tag="952" ind1=" " ind2=" ">
    <subfield code="0">0</subfield>
    <subfield code="1">0</subfield>
    <subfield code="2">ddc</subfield>
    <subfield code="4">0</subfield>
    <subfield code="7">1</subfield>
    <subfield code="8">NFIC</subfield>
    <subfield code="a">DBAD</subfield>
    <subfield code="b">DBAD</subfield>
    <subfield code="d">2010-08-03</subfield>
    <subfield code="e">DBAD/PUB</subfield>
    <subfield code="g">390.00</subfield>
    <subfield code="l">0</subfield>
    <subfield code="o">339 CHA</subfield>
    <subfield code="p">EN-81422</subfield>
    <subfield code="r">2010-08-03 00:00:00</subfield>
    <subfield code="t">1</subfield>
    <subfield code="v">390.00</subfield>
    <subfield code="w">2010-08-03</subfield>
    <subfield code="y">EN</subfield>
  </datafield>
  <datafield tag="952" ind1=" " ind2=" ">
    <subfield code="0">0</subfield>
    <subfield code="1">0</subfield>
    <subfield code="2">ddc</subfield>
    <subfield code="4">0</subfield>
    <subfield code="7">0</subfield>
    <subfield code="8">NFIC</subfield>
    <subfield code="a">L</subfield>
    <subfield code="b">L</subfield>
    <subfield code="d">2011-06-08</subfield>
    <subfield code="e">Blueberry/6361/18.3.11/73/4.3.11/29.3.11</subfield>
    <subfield code="g">390.00</subfield>
    <subfield code="l">0</subfield>
    <subfield code="o">339 CHA</subfield>
    <subfield code="p">B-427525</subfield>
    <subfield code="r">2011-06-08 00:00:00</subfield>
    <subfield code="t">1</subfield>
    <subfield code="v">390.00</subfield>
    <subfield code="w">2011-06-08</subfield>
    <subfield code="y">EN</subfield>
  </datafield>
  <datafield tag="952" ind1=" " ind2=" ">
    <subfield code="0">0</subfield>
    <subfield code="1">0</subfield>
    <subfield code="2">ddc</subfield>
    <subfield code="4">0</subfield>
    <subfield code="7">0</subfield>
    <subfield code="8">NFIC</subfield>
    <subfield code="a">M</subfield>
    <subfield code="b">M</subfield>
    <subfield code="d">2011-06-08</subfield>
    <subfield code="e">Blueberry/6361/18.3.11/73/4.3.11/29.3.11</subfield>
    <subfield code="g">390.00</subfield>
    <subfield code="l">0</subfield>
    <subfield code="o">339 CHA</subfield>
    <subfield code="p">B-427526</subfield>
    <subfield code="r">2011-06-08 00:00:00</subfield>
    <subfield code="t">5</subfield>
    <subfield code="v">390.00</subfield>
    <subfield code="w">2011-06-08</subfield>
    <subfield code="y">EN</subfield>
  </datafield>
  <datafield tag="952" ind1=" " ind2=" ">
    <subfield code="0">0</subfield>
    <subfield code="1">0</subfield>
    <subfield code="2">ddc</subfield>
    <subfield code="4">0</subfield>
    <subfield code="7">0</subfield>
    <subfield code="8">NFIC</subfield>
    <subfield code="a">M</subfield>
    <subfield code="b">M</subfield>
    <subfield code="d">2011-06-08</subfield>
    <subfield code="e">Blueberry/6361/18.3.11/73/4.3.11/29.3.11</subfield>
    <subfield code="g">390.00</subfield>
    <subfield code="l">0</subfield>
    <subfield code="o">339 CHA</subfield>
    <subfield code="p">B-427527</subfield>
    <subfield code="r">2011-06-08 00:00:00</subfield>
    <subfield code="t">5</subfield>
    <subfield code="v">390.00</subfield>
    <subfield code="w">2011-06-08</subfield>
    <subfield code="y">EN</subfield>
  </datafield>
  <datafield tag="952" ind1=" " ind2=" ">
    <subfield code="0">0</subfield>
    <subfield code="1">5</subfield>
    <subfield code="2">ddc</subfield>
    <subfield code="4">0</subfield>
    <subfield code="7">0</subfield>
    <subfield code="8">NFIC</subfield>
    <subfield code="a">M</subfield>
    <subfield code="b">M</subfield>
    <subfield code="d">2011-06-08</subfield>
    <subfield code="e">Blueberry/6361/18.3.11/73/4.3.11/29.3.11</subfield>
    <subfield code="g">390.00</subfield>
    <subfield code="l">0</subfield>
    <subfield code="o">339 CHA</subfield>
    <subfield code="p">B-427528</subfield>
    <subfield code="r">2011-06-08 00:00:00</subfield>
    <subfield code="t">5</subfield>
    <subfield code="v">390.00</subfield>
    <subfield code="y">EN</subfield>
  </datafield>
  <datafield tag="952" ind1=" " ind2=" ">
    <subfield code="0">0</subfield>
    <subfield code="1">0</subfield>
    <subfield code="2">ddc</subfield>
    <subfield code="4">0</subfield>
    <subfield code="7">0</subfield>
    <subfield code="8">NFIC</subfield>
    <subfield code="a">M</subfield>
    <subfield code="b">M</subfield>
    <subfield code="d">2011-06-08</subfield>
    <subfield code="e">Blueberry/6361/18.3.11/73/4.3.11/29.3.11</subfield>
    <subfield code="g">390.00</subfield>
    <subfield code="l">0</subfield>
    <subfield code="o">339 CHA</subfield>
    <subfield code="p">B-427529</subfield>
    <subfield code="r">2011-06-08 00:00:00</subfield>
    <subfield code="t">5</subfield>
    <subfield code="v">390.00</subfield>
    <subfield code="w">2011-06-08</subfield>
    <subfield code="y">EN</subfield>
  </datafield>
  <datafield tag="952" ind1=" " ind2=" ">
    <subfield code="0">0</subfield>
    <subfield code="1">0</subfield>
    <subfield code="2">ddc</subfield>
    <subfield code="4">0</subfield>
    <subfield code="7">0</subfield>
    <subfield code="8">NFIC</subfield>
    <subfield code="a">M</subfield>
    <subfield code="b">M</subfield>
    <subfield code="d">2011-06-08</subfield>
    <subfield code="e">Blueberry/6361/18.3.11/73/4.3.11/29.3.11</subfield>
    <subfield code="g">390.00</subfield>
    <subfield code="l">0</subfield>
    <subfield code="o">339 CHA</subfield>
    <subfield code="p">B-427530</subfield>
    <subfield code="r">2011-06-08 00:00:00</subfield>
    <subfield code="t">5</subfield>
    <subfield code="v">390.00</subfield>
    <subfield code="w">2011-06-08</subfield>
    <subfield code="y">EN</subfield>
  </datafield>
  <datafield tag="952" ind1=" " ind2=" ">
    <subfield code="0">0</subfield>
    <subfield code="1">0</subfield>
    <subfield code="2">ddc</subfield>
    <subfield code="4">0</subfield>
    <subfield code="7">0</subfield>
    <subfield code="8">NFIC</subfield>
    <subfield code="a">BL1</subfield>
    <subfield code="b">BL1</subfield>
    <subfield code="d">2011-06-08</subfield>
    <subfield code="e">Blueberry/6361/18.3.11/73/4.3.11/29.3.11</subfield>
    <subfield code="g">390.00</subfield>
    <subfield code="l">0</subfield>
    <subfield code="o">339 CHA</subfield>
    <subfield code="p">B-427531</subfield>
    <subfield code="r">2011-06-08 00:00:00</subfield>
    <subfield code="t">1</subfield>
    <subfield code="v">390.00</subfield>
    <subfield code="w">2011-06-08</subfield>
    <subfield code="y">EN</subfield>
  </datafield>
  <datafield tag="952" ind1=" " ind2=" ">
    <subfield code="0">0</subfield>
    <subfield code="1">5</subfield>
    <subfield code="2">ddc</subfield>
    <subfield code="4">0</subfield>
    <subfield code="7">0</subfield>
    <subfield code="8">NFIC</subfield>
    <subfield code="a">ZLS</subfield>
    <subfield code="b">ZLS</subfield>
    <subfield code="d">2011-06-08</subfield>
    <subfield code="e">Blueberry/6361/18.3.11/73/4.3.11/29.3.11</subfield>
    <subfield code="g">390.00</subfield>
    <subfield code="l">0</subfield>
    <subfield code="o">339 CHA</subfield>
    <subfield code="p">B-427532</subfield>
    <subfield code="r">2011-06-08 00:00:00</subfield>
    <subfield code="t">1</subfield>
    <subfield code="v">390.00</subfield>
    <subfield code="y">EN</subfield>
  </datafield>
  <datafield tag="952" ind1=" " ind2=" ">
    <subfield code="0">0</subfield>
    <subfield code="1">0</subfield>
    <subfield code="2">ddc</subfield>
    <subfield code="4">0</subfield>
    <subfield code="7">0</subfield>
    <subfield code="8">NFIC</subfield>
    <subfield code="a">BL3</subfield>
    <subfield code="b">BL3</subfield>
    <subfield code="d">2011-06-08</subfield>
    <subfield code="e">Blueberry/6361/18.3.11/73/4.3.11/29.3.11</subfield>
    <subfield code="g">390.00</subfield>
    <subfield code="l">0</subfield>
    <subfield code="o">339 CHA</subfield>
    <subfield code="p">B-427533</subfield>
    <subfield code="r">2011-06-08 00:00:00</subfield>
    <subfield code="t">1</subfield>
    <subfield code="v">390.00</subfield>
    <subfield code="w">2011-06-08</subfield>
    <subfield code="y">EN</subfield>
  </datafield>
  <datafield tag="952" ind1=" " ind2=" ">
    <subfield code="0">0</subfield>
    <subfield code="1">0</subfield>
    <subfield code="2">ddc</subfield>
    <subfield code="4">0</subfield>
    <subfield code="7">0</subfield>
    <subfield code="8">NFIC</subfield>
    <subfield code="a">BL4</subfield>
    <subfield code="b">BL4</subfield>
    <subfield code="d">2011-06-08</subfield>
    <subfield code="e">Blueberry/6361/18.3.11/73/4.3.11/29.3.11</subfield>
    <subfield code="g">390.00</subfield>
    <subfield code="l">4</subfield>
    <subfield code="m">2</subfield>
    <subfield code="o">339 CHA</subfield>
    <subfield code="p">B-427534</subfield>
    <subfield code="r">2021-08-10 00:00:00</subfield>
    <subfield code="s">2021-07-01</subfield>
    <subfield code="t">1</subfield>
    <subfield code="v">390.00</subfield>
    <subfield code="y">EN</subfield>
  </datafield>
  <datafield tag="952" ind1=" " ind2=" ">
    <subfield code="0">0</subfield>
    <subfield code="1">0</subfield>
    <subfield code="2">ddc</subfield>
    <subfield code="4">0</subfield>
    <subfield code="7">0</subfield>
    <subfield code="8">NFIC</subfield>
    <subfield code="a">YV</subfield>
    <subfield code="b">YV</subfield>
    <subfield code="d">2011-06-08</subfield>
    <subfield code="e">Blueberry/6361/18.3.11/73/4.3.11/29.3.11</subfield>
    <subfield code="g">390.00</subfield>
    <subfield code="l">0</subfield>
    <subfield code="o">339 CHA</subfield>
    <subfield code="p">B-427535</subfield>
    <subfield code="r">2011-06-08 00:00:00</subfield>
    <subfield code="t">1</subfield>
    <subfield code="v">390.00</subfield>
    <subfield code="w">2011-06-08</subfield>
    <subfield code="y">EN</subfield>
  </datafield>
  <datafield tag="952" ind1=" " ind2=" ">
    <subfield code="0">0</subfield>
    <subfield code="1">0</subfield>
    <subfield code="2">ddc</subfield>
    <subfield code="4">0</subfield>
    <subfield code="7">0</subfield>
    <subfield code="8">NFIC</subfield>
    <subfield code="a">RC4</subfield>
    <subfield code="b">RC4</subfield>
    <subfield code="d">2011-06-08</subfield>
    <subfield code="e">Blueberry/6361/18.3.11/73/4.3.11/29.3.11</subfield>
    <subfield code="g">390.00</subfield>
    <subfield code="l">0</subfield>
    <subfield code="o">339 CHA</subfield>
    <subfield code="p">B-427536</subfield>
    <subfield code="r">2011-06-08 00:00:00</subfield>
    <subfield code="t">2</subfield>
    <subfield code="v">390.00</subfield>
    <subfield code="w">2011-06-08</subfield>
    <subfield code="y">EN</subfield>
  </datafield>
  <datafield tag="952" ind1=" " ind2=" ">
    <subfield code="0">4</subfield>
    <subfield code="1">0</subfield>
    <subfield code="2">ddc</subfield>
    <subfield code="4">0</subfield>
    <subfield code="7">0</subfield>
    <subfield code="8">NFIC</subfield>
    <subfield code="a">RC4</subfield>
    <subfield code="b">RC4</subfield>
    <subfield code="d">2011-06-08</subfield>
    <subfield code="e">Blueberry/6361/18.3.11/73/4.3.11/29.3.11</subfield>
    <subfield code="g">390.00</subfield>
    <subfield code="l">0</subfield>
    <subfield code="o">339 CHA</subfield>
    <subfield code="p">B-427537</subfield>
    <subfield code="r">2011-06-08 00:00:00</subfield>
    <subfield code="t">2</subfield>
    <subfield code="v">390.00</subfield>
    <subfield code="w">2011-06-08</subfield>
    <subfield code="y">EN</subfield>
    <subfield code="z">Written off vide C-30021/05/2022/Estt./110
dt.07.11.22   
</subfield>
  </datafield>
</record>
